000
00292nam a22001337a 4500
008
170613b xxu||||| |||| 00| 0 eng d
020
_a
2901604265650
041
_a
eng
080
_a
32
100
_a
19
101
_a
SHP
245
_a
DEBATING THE PRESIDENCY
_c
ELLIS, R.J
942
_2
udc
_c
BK
999
_c
17106
_d
17106